000 00955nas a2200265 4500
001 BR8200940
003 BR-BrBNA
005 20231205085036.0
007 ta
008 230509b bl.|||p| |||| 00| 00por d
040 _aBR-BrBNA
_bpor
_cBiblioteca Nacional de Agricultura
041 _a(Pt)
072 _aH20
100 1 _aLima, D.M.M.
245 1 _aMaltose-peptona-agar, um meio de cultura para esporulacao de Stemphylium solani [Tomate; Lycopersicum esculentum; Mancha parda; Fungo]
246 1 _aMaltose-peptone-agar, a culture medium for sporulation of Stemphylium solani [Tomato; Lycopersicum esculentum; Brown spot; Fungus]
650 _aDoenca de planta
650 _aTomate
650 _aMancha parda
650 _aFungo
650 _aEsporulacao
773 0 _tPesquisa Agropecuaria Brasileira (Brazil)
_xISSN 0100-204X
_g(Jan 1982), v. 17(1) p. 81-83
_wBR8200940
909 _a202311
_bLúcia
_c55
_dLúcia Elande
942 _2AGRIS
_n0
_cANA
999 _c108855
_d108855